[Event "5th ch-EURw"]
[Site "Dresden GER"]
[Date "2004.03.21"]
[Round "1"]
[White "Alexandrova,O"]
[Black "Chilingirova,P"]
[Result "1-0"]
[WhiteElo "2437"]
[BlackElo "2201"]

1.d4 d5 2.c4 c6 3.e3 Nf6 4.Nc3 e6 5.Nf3 Nbd7 6.Qc2 Bd6 7.Bd3 O-O 8.O-O h6
9.Rd1 dxc4 10.Bxc4 b5 11.Be2 Qe7 12.b3 Bb7 13.Bb2 b4 14.Ne4 Nxe4 15.Qxe4 Nf6
16.Qh4 c5 17.Rac1 cxd4 18.Nxd4 Rac8 19.Bf3 Bxf3 20.Nxf3 Rxc1 21.Rxc1 Rd8
22.Nd4 Nd5 23.Qe4 Qd7 24.Nc6 Rc8 25.Qd4 f5 26.Ne7+ Qxe7 27.Rxc8+ Kh7 28.Rc6 Kg6
29.e4 fxe4 30.Qxe4+ Kf7 31.Qd4 Kg6 32.Qg4+ Kh7 33.Rxd6  1-0

[Event "German Cup Final"]
[Site "Efurt GER"]
[Date "2004.03.21"]
[Round "2"]
[White "Dautov,R"]
[Black "Graf,A"]
[Result "0-1"]
[WhiteElo "2616"]
[BlackElo "2629"]

1.d4 Nf6 2.c4 e6 3.Nf3 d5 4.Nc3 c6 5.e3 Nbd7 6.Qc2 b6 7.b3 Bb7 8.Bb2 Rc8
9.Bd3 Bd6 10.O-O O-O 11.Rad1 Qe7 12.e4 e5 13.Rfe1 dxc4 14.Bxc4 b5 15.Bf1 Rfe8
16.g3 Rcd8 17.Bg2 a6 18.dxe5 Nxe5 19.Nd4 g6 20.f4 Bc5 21.Nb1 Ned7 22.e5 Nd5
23.Kh1 Nf8 24.Qc1 Bxd4 25.Bxd4 Ne6 26.Bc3 c5 27.Ba5 Rd7 28.Nc3 Nxc3 29.Qxc3 b4
30.Qc4 Rb8 31.Bxb7 Rdxb7 32.Rd6 Rb5 33.Red1 Rxa5 34.Rd7 Qe8 35.Qe4 c4 36.Qxc4 Rxa2
37.Qd5 Qc8 38.Qd6 Rb7 39.Qe7 Rxd7  0-1

[Event "Rapid"]
[Site "Reykjavik ISL"]
[Date "2004.03.21"]
[Round "4.2"]
[White "Kasparov,G"]
[Black "Short,N"]
[Result "1/2-1/2"]
[WhiteElo "2831"]
[BlackElo "2702"]

1.d4 d5 2.c4 c6 3.Nc3 Nf6 4.Nf3 e6 5.e3 Nbd7 6.Bd3 dxc4 7.Bxc4 b5 8.Bd3 Bd6
9.O-O Bb7 10.e4 e5 11.dxe5 Nxe5 12.Nxe5 Bxe5 13.f4 Bc7 14.e5 Ng4 15.Qxg4 Qxd3
16.Rd1 h5 17.Qxg7 Qh7 18.Qxh7 Rxh7 19.Ne4 Kf8 20.Be3 Bc8 21.Rac1 Bg4 22.Nf6 Rh6
23.Rd2 Ba5 24.Rd6 Bf5 25.Rcxc6 Rg6 26.Bc5 Kg7 27.Nxh5+ Kh8 28.Ng3 Bb1 29.b4 Bd8
30.f5 Rg4 31.f6 Bxa2 32.Ra6 Bc4 33.Rxa7 Rc8 34.Nf5 Rf4 35.Ne3 Bb3 36.h3 Re4
37.Ng4 Kh7 38.Rad7 Ba5 39.Rd4 Rxd4 40.Rxd4 Bc7 41.Rd3 Be6 42.Ra3 Kg6 43.Ra7 Bxg4
44.hxg4 Bxe5 45.Rb7 Rb8 46.Rxb8 Bxb8 47.Be7 Ba7+ 48.Kh2 Bf2 49.g3 Bd4 50.Kg2 Bxf6
51.Bd6 Bc3 52.Kf3 Kf6 53.Ke4 Ke6  1/2-1/2

[Event "5th ch-EURw"]
[Site "Dresden GER"]
[Date "2004.03.22"]
[Round "2"]
[White "Jiretorn,E"]
[Black "Oney,Fa"]
[Result "1-0"]
[WhiteElo "2154"]
[BlackElo "1809"]

1.d4 d5 2.c4 c6 3.Nf3 Nf6 4.e3 e6 5.Nc3 Nbd7 6.Bd3 dxc4 7.Bxc4 b5 8.Bd3 a6
9.O-O Bb7 10.e4 Be7 11.Bg5 c5 12.e5 Bxf3 13.Qxf3 cxd4 14.exf6 gxf6 15.Nxb5 axb5
16.Bf4 e5 17.Bh6 Rb8 18.Qh5 Bf8 19.f4 Bxh6 20.Qxh6 Qe7 21.Rae1 Rb6 22.Bf5 Rd6
23.Qg7 Qf8 24.Bxd7+ Kxd7 25.Qg4+ Kc7 26.fxe5 fxe5 27.Rxe5 Rg8 28.Qe4 Qg7
29.g3 Rb8 30.Re7+ Rd7 31.Rc1+  1-0

[Event "14th Asian Cities"]
[Site "Tagaytay City PHI"]
[Date "2004.03.22"]
[Round "2"]
[White "Sitanggang,S"]
[Black "Datu,I"]
[Result "1/2-1/2"]
[WhiteElo "2407"]
[BlackElo "2443"]

1.d4 d5 2.Nf3 Nf6 3.c4 e6 4.Nc3 c6 5.e3 Nbd7 6.Qc2 Bd6 7.Bd3 dxc4 8.Bxc4 e5
9.O-O O-O 10.h3 Qe7 11.Bb3 Re8 12.Ng5 Rf8 13.Nf3 Re8 14.Bd2 h6 15.Nh4 Nf8
16.Nf5 Bxf5 17.Qxf5 Rad8 18.Rad1 Qd7 19.Qxd7 N6xd7 20.dxe5 Nxe5 21.Bc2 Ne6
22.Bc1  1/2-1/2

[Event "14th Asian Cities"]
[Site "Tagaytay City PHI"]
[Date "2004.03.22"]
[Round "2"]
[White "Villamayor,B"]
[Black "Nadera,B"]
[Result "1/2-1/2"]
[WhiteElo "2469"]
[BlackElo "2390"]

1.c4 e6 2.Nc3 d5 3.d4 c6 4.e3 Nf6 5.Nf3 Nbd7 6.Qc2 Be7 7.Bd3 b6 8.O-O Bb7
9.b3 O-O 10.Bb2 Rc8 11.Rad1 Qc7 12.e4 dxe4 13.Nxe4 h6 14.Nxf6+ Bxf6 15.Bh7+ Kh8
16.Be4 c5 17.Bxb7 Qxb7 18.dxc5 Bxb2 19.Qxb2 Rxc5 20.Rd2 Nf6 21.Rfd1 Qc7 22.Qd4 Re8
23.Qd6 Qc8 24.Qf4 e5 25.Qh4 Kg8 26.h3 Qc7 27.Nh2 h5 28.Nf1 e4 29.Rd6 Rc6
30.Rxc6 Qxc6 31.Ne3  1/2-1/2

[Event "5th ch-EURw"]
[Site "Dresden GER"]
[Date "2004.03.23"]
[Round "3"]
[White "Alexandrova,O"]
[Black "Djingarova,E"]
[Result "1/2-1/2"]
[WhiteElo "2437"]
[BlackElo "2344"]

1.d4 d5 2.c4 c6 3.Nc3 Nf6 4.e3 e6 5.Nf3 Nbd7 6.Qc2 Bd6 7.Bd3 O-O 8.O-O dxc4
9.Bxc4 a6 10.Rd1 b5 11.Be2 Qc7 12.e4 e5 13.g3 exd4 14.Nxd4 Be5 15.Be3 Bb7
16.Nf5 Rfe8 17.Bf3 Rad8 18.Rac1 Qb8 19.b4 Ba8 20.Ne2 Nb6 21.Bc5 Nc4 22.Ne3 Nb2
23.Rxd8 Qxd8 24.Nf5 Nc4 25.Rd1 Qc7 26.Ned4 a5 27.bxa5 Nxa5 28.Nb3 Nc4 29.Ne3 Nb2
30.Rd2 Na4 31.Bd4 c5 32.Bxc5 Nxc5 33.Qxc5 Nxe4 34.Bxe4 Bxe4 35.Qxb5 Bc6 36.Qc5 Bf3
37.Qxc7 Bxc7 38.Rd7 Bb6 39.Rd6 Ba7 40.Kf1 g6 41.Nd2 Bh1 42.Ndc4 Kg7 43.Ke1 Bf3
44.Kd2 Bxe3+ 45.fxe3 Ra8 46.a3 Bg4 47.Rd3 Be6 48.Nb2 Rb8 49.Kc3 Rc8+ 50.Kd2 Rb8
51.Nd1 h5 52.Rc3  1/2-1/2

[Event "5th ch-EURw"]
[Site "Dresden GER"]
[Date "2004.03.23"]
[Round "3"]
[White "Olarasu,G"]
[Black "Bensdorp,M"]
[Result "1/2-1/2"]
[WhiteElo "2311"]
[BlackElo "2161"]

1.c4 c6 2.d4 d5 3.Nc3 Nf6 4.e3 e6 5.Nf3 Nbd7 6.Qc2 Bd6 7.Be2 O-O 8.O-O dxc4
9.Bxc4 b5 10.Be2 Bb7 11.Rd1 Qc7 12.h3 Rfe8 13.b3 e5 14.Bb2 a6 15.Rac1 exd4
16.Nxd4 c5 17.Nf3 Ne5 18.Ng5 Ng6 19.Bf3 Bxf3 20.Nxf3 Qc6 21.Nb1 Bf8 22.Nbd2 Rac8
23.Nd4 Qb6 24.Nf5 Ne5 25.Ng3 Qe6 26.Nde4 Nxe4 27.Qxe4 Nc6 28.Qxe6 Rxe6 29.Ne2 Rd6
30.Rxd6 Bxd6 31.Rd1 Rd8 32.Kf1 f6 33.f4 Kf7 34.Kf2 Bc7  1/2-1/2

[Event "5th ch-EURw"]
[Site "Dresden GER"]
[Date "2004.03.24"]
[Round "4"]
[White "Dzagnidze,N"]
[Black "Ovod,E"]
[Result "1/2-1/2"]
[WhiteElo "2459"]
[BlackElo "2357"]

1.d4 d5 2.c4 e6 3.Nc3 c6 4.e3 Nf6 5.Nf3 Nbd7 6.Ne5 Bb4 7.Bd2 O-O 8.Be2 Nxe5
9.dxe5 Nd7 10.cxd5 exd5 11.f4 a5 12.O-O Qe7 13.a3 Bc5 14.Bd3 f6 15.Qc2 h6
16.exf6 Bxe3+ 17.Kh1 Nxf6 18.Rae1 d4 19.Nd1 Ng4 20.Bxe3 dxe3 21.h3 Qh4 22.Nxe3 Re8
23.Qd2 Be6 24.Nxg4 Bxg4 25.Qc3 Bxh3 26.Kg1 Bxg2 27.Kxg2 Qg4+ 28.Kh2 Qh4+  1/2-1/2

[Event "14th Asian Cities"]
[Site "Tagaytay City PHI"]
[Date "2004.03.24"]
[Round "6"]
[White "Sitanggang,S"]
[Black "Saleh,Nab"]
[Result "1-0"]
[WhiteElo "2407"]
[BlackElo "2349"]

1.d4 d5 2.Nf3 Nf6 3.c4 c6 4.Nc3 e6 5.e3 Nbd7 6.Qc2 Bd6 7.Bd3 dxc4 8.Bxc4 O-O
9.O-O b6 10.e4 e5 11.d5 c5 12.Nh4 a6 13.Nf5 Nb8 14.Nxd6 Qxd6 15.a4 Re8 16.f4 Nbd7
17.f5 Nf8 18.Qe2 Re7 19.Be3 Rea7 20.h3 Ne8 21.Qf2 Rc7 22.Rfc1 Nd7 23.g4 Qf8
24.g5 Nd6 25.Be2 Rb8 26.f6 g6 27.Bg4 Qe8 28.Qh4 b5 29.axb5 axb5 30.Nd1 Nc4
31.Bf2 Nd2 32.Ra3 c4 33.Be1 b4 34.Re3  1-0

[Event "5th ch-EURw"]
[Site "Dresden GER"]
[Date "2004.03.25"]
[Round "5"]
[White "Alexandrova,O"]
[Black "Mietzner,T"]
[Result "1-0"]
[WhiteElo "2437"]
[BlackElo "2201"]

1.d4 d5 2.c4 c6 3.e3 Nf6 4.Nc3 e6 5.Nf3 Nbd7 6.Qc2 b6 7.b3 Bb7 8.Bb2 Qc7
9.Rc1 Rd8 10.cxd5 exd5 11.Bd3 Be7 12.O-O O-O 13.e4 dxe4 14.Nxe4 h6 15.Ne5 Nxe5
16.dxe5 Nxe4 17.Bxe4 c5 18.f4 Bxe4 19.Qxe4 Qd7 20.f5 Qd3 21.Qg4 Qe3+ 22.Kh1 Qg5
23.Qe4 Rd2 24.Rc2 Rxc2 25.Qxc2 Rd8 26.Bc3 Qh4 27.Qe2 f6 28.g3 Qh3 29.exf6 Bxf6
30.Bxf6  1-0

[Event "It"]
[Site "Rishon le Zion ISR"]
[Date "2004.03.25"]
[Round "6"]
[White "Bykhovsky,An ISR"]
[Black "Kaplan,S"]
[Result "0-1"]
[WhiteElo "2236"]
[BlackElo "2292"]

1.Nf3 d5 2.c4 c6 3.e3 Nf6 4.Nc3 e6 5.d4 Nbd7 6.Qc2 Bd6 7.Bd3 O-O 8.O-O dxc4
9.Bxc4 Qe7 10.Bb3 e5 11.h3 h6 12.Nh4 Re8 13.Nf5 Qf8 14.Nxd6 Qxd6 15.dxe5 Nxe5
16.Rd1 Qe7 17.e4 Ng6 18.Be3 Qe5 19.f3 Be6 20.Ne2 Nd5 21.Bd4 Qg5 22.exd5 Bxh3
23.g4 Nh4 24.Rd3 Bg2 25.Kf2 cxd5 26.Qd2 Bxf3 27.Ng1 Qxg4 28.Kf1 Bg2+ 29.Kf2 Bf3
30.Kf1 Bg2+ 31.Kf2 Re4 32.Bc3 Qf5+ 33.Kg3 Rg4+ 34.Kh2 Qh5  0-1

[Event "It"]
[Site "Rishon le Zion ISR"]
[Date "2004.03.26"]
[Round "7"]
[White "Rodshtein,M"]
[Black "Drozdov,Alexandre"]
[Result "1-0"]
[WhiteElo "2357"]
[BlackElo "2344"]

1.d4 d5 2.c4 c6 3.Nf3 Nf6 4.Nc3 e6 5.e3 Nbd7 6.Qc2 Bd6 7.Bd3 a6 8.O-O b5
9.b3 Bb7 10.e4 dxe4 11.Nxe4 Nxe4 12.Bxe4 Qc7 13.Bb2 Nf6 14.Bd3 O-O 15.Rfe1 Rfd8
16.Rac1 Bf4 17.Rcd1 h6 18.Ne5 bxc4 19.Qxc4 Nd5 20.Bb1 g6 21.h4 Qe7 22.g3 Bxe5
23.Rxe5 Qf6 24.Qe2 Qg7 25.Re1 Rd7 26.Qd2 Rad8 27.Bc1 Nf6 28.Qb4 Ba8 29.Bb2 Rd5
30.Qb6 a5 31.Ba3 Rxd4 32.Be7 Ng4 33.Bxd8 Nxe5 34.Be4 Rxe4 35.Rxe4 c5 36.Bf6 Nf3+
37.Kg2 Nxh4+ 38.Kf1 Qxf6 39.Qb8+ Kg7 40.Qxa8 Nf5 41.Kg2 Qc3 42.Rc4 Qd2 43.Qf3 Qxa2
44.Rxc5 a4 45.Qc3+ Kh7 46.Rc7 Nd6 47.Qd4 Qa3 48.b4 Ne8 49.Rxf7+ Kg8 50.Qd7  1-0

[Event "Bundesliga 2003-4"]
[Site "Baden Oos GER"]
[Date "2004.03.27"]
[Round "12"]
[White "Schlosser,P"]
[Black "Graf,A"]
[Result "1/2-1/2"]
[WhiteElo "2560"]
[BlackElo "2629"]

1.d4 Nf6 2.c4 e6 3.Nf3 d5 4.Nc3 c6 5.e3 Nbd7 6.Qc2 b6 7.b3 Bb7 8.Bb2 Bd6
9.Bd3 O-O 10.O-O h6 11.Rad1 Qc7 12.Qe2 Rfe8 13.e4 dxe4 14.Nxe4 Bf8 15.Bc2 Rad8
16.Nxf6+ Nxf6 17.Qd3 e5 18.Qc3 e4 19.Ne5 Bd6 20.f4 exf3 21.Rxf3 c5 22.Rxf6 Bxe5
23.dxe5 Rxd1+ 24.Bxd1 gxf6 25.Qg3+ Kf8 26.Qh4 fxe5 27.Qxh6+ Ke7 28.Qg5+ Kf8
29.Qh6+ Ke7 30.Qg5+ Kf8  1/2-1/2

[Event "IV Open"]
[Site "Dos Hermanas ESP"]
[Date "2004.03.27"]
[Round "3"]
[White "Razmyslov,A"]
[Black "Cifuentes Parada,R"]
[Result "1/2-1/2"]
[WhiteElo "2337"]
[BlackElo "2505"]

1.d4 d5 2.c4 c6 3.Nc3 Nf6 4.e3 e6 5.Nf3 Nbd7 6.Qc2 Bd6 7.Be2 O-O 8.O-O Qe7
9.Rd1 dxc4 10.e4 e5 11.Bxc4 exd4 12.Nxd4 Ne5 13.Bf1 Ng6 14.g3 Re8 15.Bg2 Bg4
16.Nf5 Bxf5 17.exf5 Nf8 18.Bg5 Be5 19.Ne4 h6 20.Nxf6+ Bxf6 21.Be3 Nd7 22.Rab1 a5
23.a3 Bg5 24.Bd4 Bf6 25.Be3 Bg5  1/2-1/2

[Event "5th ch-EURw"]
[Site "Dresden GER"]
[Date "2004.03.27"]
[Round "7"]
[White "Ozturk,K"]
[Black "Bensdorp,M"]
[Result "0-1"]
[WhiteElo "1957"]
[BlackElo "2161"]

1.d4 d5 2.Nf3 Nf6 3.e3 e6 4.c4 c6 5.Nc3 Nbd7 6.Bd3 dxc4 7.Bxc4 b5 8.Bd3 Bb7
9.O-O a6 10.Qe2 c5 11.dxc5 Nxc5 12.Bc2 Be7 13.b3 O-O 14.Bb2 b4 15.Nb1 Rc8
16.Nbd2 Nd5 17.Nd4 Nc3 18.Bxc3 bxc3 19.Nc4 g6 20.Rfd1 Qc7 21.Qe1 Na4 22.Ne2 Nb2
23.Rdb1 Nxc4 24.bxc4 Ba8 25.Qxc3 Qxc4 26.Qxc4 Rxc4 27.Rc1 Ba3 28.Bd3 Rg4
29.g3 Bxc1 30.Rxc1 Ra4 31.Rc2 Rb8 32.f4 Ra3 33.Rd2 Rd8 34.Nd4 Bd5 35.Kf2 Bxa2
36.Ke2 Rc8 37.Nf3 Bd5 38.Ne5 a5 39.e4 Bb3 40.Bb1 Ra1 41.Bd3 a4 42.Nf3 a3
43.Nd4 Ba4 44.f5 a2 45.fxe6 Re1+  0-1

[Event "Amber Blindfold"]
[Site "Monte Carlo MNC"]
[Date "2004.03.27"]
[Round "7"]
[White "Bareev,E"]
[Black "Ivanchuk,V"]
[Result "1/2-1/2"]
[WhiteElo "2714"]
[BlackElo "2716"]

1.d4 d5 2.c4 e6 3.Nc3 c6 4.e3 Nf6 5.Nf3 Nbd7 6.Qc2 Bd6 7.Bd3 O-O 8.O-O dxc4
9.Bxc4 a6 10.b3 c5 11.Ne4 Nxe4 12.Qxe4 Nf6 13.Qh4 b5 14.Be2 Bb7 15.dxc5 Bxc5
16.Bb2 Qe7 17.a4 Bd5 18.axb5 axb5 19.Rxa8 Rxa8 20.Bxb5 Bxb3 21.Bd3 h6 22.Nd2 Bd5
23.Bxf6 Qxf6 24.Qxf6 gxf6 25.Be4 Ra2 26.Bxd5  1/2-1/2

[Event "It"]
[Site "Rishon le Zion ISR"]
[Date "2004.03.27"]
[Round "8"]
[White "Rodshtein,M"]
[Black "Kaplan,S"]
[Result "1-0"]
[WhiteElo "2357"]
[BlackElo "2292"]

1.d4 d5 2.c4 c6 3.Nf3 Nf6 4.Nc3 e6 5.e3 Nbd7 6.Qc2 Bd6 7.Bd3 O-O 8.O-O dxc4
9.Bxc4 a6 10.a4 c5 11.dxc5 Bxc5 12.e4 Qc7 13.Qe2 Ng4 14.Ba2 b6 15.Bd2 Bb7
16.Rac1 Qb8 17.h3 Nge5 18.Nxe5 Nxe5 19.Bf4 Bd6 20.Be3 b5 21.f4 Ng6 22.f5 exf5
23.Rxf5 b4 24.Nd5 b3 25.Bxb3 Bc8 26.Rxc8 Qxc8 27.Nb6 Qb8 28.Rxf7 Rxf7 29.Bxf7+ Kh8
30.Nxa8 Qxa8 31.Bxg6 hxg6 32.Qc4 Qe8 33.Qd5 Bg3 34.b3 Qf8 35.Qd3 Qf6 36.Bd4 Qd6
37.Qe3 Bf4 38.Qc3 Kh7 39.Kf2 Qe6 40.Qf3 Qd6 41.Qc3 Qe6 42.Qd3 Qd6 43.Ke2 Qa3
44.Qc4 Qa2+ 45.Kf3 Bh6 46.Qd3 Qa3 47.Be3 Qf8+ 48.Ke2  1-0

[Event "Bundesliga 2003-4"]
[Site "Baden Oos GER"]
[Date "2004.03.28"]
[Round "13"]
[White "Lorscheid,G"]
[Black "Gurevich,M"]
[Result "1/2-1/2"]
[WhiteElo "2267"]
[BlackElo "2656"]

1.d4 d5 2.c4 c6 3.Nc3 Nf6 4.e3 e6 5.Nf3 a6 6.Qc2 c5 7.dxc5 Bxc5 8.a3 dxc4
9.Bxc4 b5 10.Bd3 Nbd7 11.O-O Bb7 12.Ne4 Rc8 13.Nxf6+ Qxf6 14.Qe2 O-O 15.a4 Rfd8
16.axb5 axb5 17.Bxb5 Ne5 18.Nxe5 Qxe5 19.Ra4 Be4 20.f3 Bc2 21.Rh4 Be7 22.Rd4 Rxd4
23.exd4 Qxd4+ 24.Kh1 h6 25.Be3 Qxb2 26.Rc1 Rb8 27.Rxc2 Qxb5 28.Qxb5 Rxb5
29.Kg1 h5 30.g3 g5 31.h3 Kg7 32.Kg2 Kg6 33.g4 Rb3 34.Bf2 Bf6 35.Ra2 Be5 36.Re2 Bf4
37.Ra2 Rd3 38.Rc2 f5 39.gxf5+ Kxf5 40.Ra2 Rd5 41.Rc2 Rd3 42.Rc5+ Kf6 43.Rc2 Be5
44.Ra2 Kf5 45.Ra8 Bb2 46.Rf8+ Kg6 47.Rg8+ Kf6 48.Rf8+ Kg7 49.Ra8 Kf7 50.Rc8 Be5
51.Rc2 Rb3 52.Ra2 Kg6 53.Ra8 Rb2 54.Kf1 Bb8 55.Ra6 Kf5 56.Ra4 Bc7 57.Rc4 Bb6
58.Bxb6 Rxb6 59.Rc2 Kf4 60.Kf2 Rb4 61.Ra2 e5 62.Rc2 h4 63.Ra2 g4 64.hxg4 h3
65.Re2 h2 66.Kg2 h1=Q+ 67.Kxh1 Kg3 68.Rg2+ Kxf3 69.g5 Rb7  1/2-1/2

[Event "Bundesliga 2003-4"]
[Site "Hamburg GER"]
[Date "2004.03.28"]
[Round "13"]
[White "Ftacnik,L"]
[Black "Nielsen,PH"]
[Result "1/2-1/2"]
[WhiteElo "2582"]
[BlackElo "2638"]

1.c4 c6 2.d4 d5 3.Nf3 Nf6 4.Nc3 e6 5.e3 Nbd7 6.Bd3 dxc4 7.Bxc4 b5 8.Bd3 b4
9.Ne4 Nxe4 10.Bxe4 Bb7 11.O-O Bd6 12.Qc2 Rc8 13.a3 f5 14.Bd3 c5 15.Qe2 c4
16.Bb1 bxa3 17.e4 fxe4 18.Bxe4 Bxe4 19.Qxe4 Qe7 20.d5 O-O 21.bxa3 e5 22.Ng5 Nf6
23.Qc2 h6 24.Ne4 Nxe4 25.Qxe4 c3 26.Ra2 Rc7 27.Bxh6 gxh6 28.Qg6+ Kh8 29.Qxh6+ Kg8
30.Qg6+ Kh8 31.Qh6+  1/2-1/2

[Event "IV Open"]
[Site "Dos Hermanas ESP"]
[Date "2004.03.29"]
[Round "5"]
[White "Milov,V"]
[Black "Borovikov,V"]
[Result "1-0"]
[WhiteElo "2632"]
[BlackElo "2578"]

1.d4 d5 2.c4 c6 3.Nc3 Nf6 4.e3 e6 5.Nf3 Nbd7 6.Bd3 dxc4 7.Bxc4 b5 8.Bd3 a6
9.e4 c5 10.e5 cxd4 11.Nxb5 axb5 12.exf6 gxf6 13.O-O Qb6 14.Qe2 Ba6 15.Rd1 Rd8
16.b4 Bxb4 17.Rb1 Bc3 18.a4 Nc5 19.Bxb5+ Bxb5 20.Rxb5 Qa6 21.g3 d3 22.Qf1 Qc6
23.Ba3 Qxf3 24.Bxc5 Qe4 25.a5 Rg8 26.a6 Rg5 27.a7 d2 28.Be3 Rgd5 29.Rb8 Qa4
30.Bb6 Bd4 31.a8=Q Qxa8 32.Rxa8 Rxa8 33.Bxd4  1-0

[Event "IV Open"]
[Site "Dos Hermanas ESP"]
[Date "2004.03.30"]
[Round "6"]
[White "Villavicencio,A"]
[Black "Hidalgo Begines,P"]
[Result "1-0"]
[WhiteElo "2331"]
[BlackElo "2102"]

1.d4 d5 2.c4 e6 3.Nf3 Nf6 4.Nc3 c6 5.e3 Nbd7 6.Bd3 dxc4 7.Bxc4 b5 8.Bd3 a6
9.e4 Bb7 10.e5 Nd5 11.Nxd5 cxd5 12.O-O Be7 13.Bd2 O-O 14.Qe1 Bc6 15.Rc1 Qb6
16.Ba5 Qb7 17.Bb4 Bxb4 18.Qxb4 Rfc8 19.Rc2 Nf8 20.Rfc1 Be8 21.Nd2 Rxc2 22.Rxc2 Rc8
23.Nb3 Rxc2 24.Bxc2 Qc7 25.Qc5 Qd8 26.Qa7 h5 27.Qxa6 h4 28.Qa5 Qg5 29.Qd2 Qe7
30.h3 Bc6 31.Bd3 b4 32.Nc5 Qa7 33.Na6 b3 34.axb3 Qxd4  1-0

[Event "IV Open"]
[Site "Dos Hermanas ESP"]
[Date "2004.03.30"]
[Round "6"]
[White "Cifuentes Parada,R"]
[Black "Tissir,M"]
[Result "1-0"]
[WhiteElo "2505"]
[BlackElo "2436"]

1.c4 e6 2.Nf3 Nf6 3.Nc3 d5 4.d4 c6 5.e3 a6 6.Qc2 c5 7.dxc5 Bxc5 8.a3 dxc4
9.Bxc4 b5 10.Bd3 Nbd7 11.b4 Be7 12.Bb2 Bb7 13.O-O O-O 14.Rfd1 Rc8 15.Rac1 h6
16.Qe2 Qb6 17.e4 Rfd8 18.Nb1 Rxc1 19.Rxc1 Rc8 20.Rxc8+ Bxc8 21.Qc2 Bb7 22.Nbd2 Qc6
23.Qxc6 Bxc6 24.Kf1 Bd8 25.Ke2 Bb7 26.h3 Bb6 27.Bd4 Kf8 28.Bxb6 Nxb6 29.Ke3 Nfd7
30.Nb3 Ke7 31.Na5 Ba8 32.Nd4 g6 33.g3 Kd6 34.f4 e5 35.Nf3 exf4+ 36.gxf4 f5
37.Nh4 fxe4 38.Bxe4 Bxe4 39.Kxe4 Nf8 40.Nb7+ Ke7 41.Nc5 Nc4 42.a4 bxa4 43.Nxa4 a5
44.Kd3 axb4 45.Kxc4 Ne6 46.Ng2 g5 47.fxg5 Nxg5 48.h4 Nf3 49.Kd3 Kf6 50.Ke3 Nxh4
51.Nxh4 Kg5 52.Nf3+ Kg4 53.Nc5 h5 54.Ne4 h4 55.Nf2+ Kh5 56.Nh3 b3 57.Kd3 b2
58.Kc2 Kg4 59.Nfg1 b1=Q+ 60.Kxb1 Kf5 61.Kc2 Ke4 62.Ne2 Kf3 63.Kd3 Kg4 64.Nef4 Kf5
65.Kd4 Kf6 66.Kd5 Kf5 67.Nd3 Kf6 68.Kd6 Kf5 69.Ndf2 Kf6 70.Ne4+ Kf5 71.Neg5 Kg6
72.Ne6 Kf5 73.Kd5 Kf6 74.Nd4 Ke7 75.Kc6 Kf6 76.Kd6 Kf7 77.Nf5 Kg6 78.Ne3 Kf7
79.Nd5 Ke8 80.Kc7 Kf8 81.Kd8 Kg7 82.Kd7 Kf8 83.Nc7 Kf7 84.Ne8 Kf8 85.Nd6 Kg7
86.Ke6 Kg6 87.Nf7 Kg7 88.Ne5 Kf8 89.Kd7 Kg7 90.Ke7 Kg8 91.Ng6 Kg7 92.Nf8 Kh6
93.Kf6 Kh5 94.Kf5 Kh6 95.Ne6 Kh5 96.Ng7+ Kh6 97.Kf6 Kh7 98.Nf5 Kg8 99.Ke7 Kh7
100.Kf7 Kh8 101.Ng5  1-0

[Event "Amber Rapid"]
[Site "Monte Carlo MNC"]
[Date "2004.03.30"]
[Round "9"]
[White "Gelfand,B"]
[Black "Vallejo Pons,F"]
[Result "1-0"]
[WhiteElo "2709"]
[BlackElo "2663"]

1.d4 d5 2.c4 c6 3.Nc3 Nf6 4.Nf3 e6 5.e3 Nbd7 6.Bd3 dxc4 7.Bxc4 b5 8.Bd3 Bb7
9.a3 b4 10.Ne4 Nxe4 11.Bxe4 bxa3 12.O-O Be7 13.b3 Nf6 14.Bd3 Qa5 15.b4 Bxb4
16.Bxa3 Bxa3 17.Qb3 O-O 18.Rxa3 Qc7 19.Qc2 Rfc8 20.Rfa1 a5 21.Rc3 g6 22.Ne5 Nd7
23.Nxd7 Qxd7 24.Rc5 Ba6 25.Bxa6 Rxa6 26.Raxa5 Rb6 27.g3 Rcb8 28.Ra1 Rb2 29.Qe4 R8b5
30.Rxc6 Rf5 31.Rc2 Rxc2 32.Qxc2 h5 33.Ra8+ Kg7 34.e4 Rb5 35.Qc3 Rb1+ 36.Kg2 e5
37.dxe5 Qe6 38.Qc5 Kh7 39.Qf8 Qxe5 40.Qxf7+ Kh6 41.Qf8+  1-0

[Event "IV Open"]
[Site "Dos Hermanas ESP"]
[Date "2004.03.31"]
[Round "7"]
[White "Lalic,B"]
[Black "Borovikov,V"]
[Result "1/2-1/2"]
[WhiteElo "2518"]
[BlackElo "2578"]

1.d4 d5 2.c4 c6 3.Nf3 Nf6 4.Nc3 e6 5.e3 Nbd7 6.Bd3 dxc4 7.Bxc4 b5 8.Be2 Bb7
9.O-O Be7 10.e4 b4 11.e5 bxc3 12.exf6 Bxf6 13.bxc3 c5 14.dxc5 O-O 15.Ba3 Be7
16.Qd4 Qc7 17.c6  1/2-1/2

[Event "5th ch-EURw"]
[Site "Dresden GER"]
[Date "2004.04.01"]
[Round "11"]
[White "Oney,Fa"]
[Black "Hielscher,U"]
[Result "0-1"]
[WhiteElo "1809"]
[BlackElo "1974"]

1.d4 d5 2.Nf3 Nf6 3.c4 e6 4.Nc3 c6 5.e3 Nbd7 6.Be2 b6 7.cxd5 exd5 8.O-O Bb7
9.Bd2 Bd6 10.Re1 O-O 11.Bd3 Re8 12.e4 dxe4 13.Nxe4 Nxe4 14.Bxe4 Nf6 15.Bd3 Rxe1+
16.Bxe1 c5 17.dxc5 Bxc5 18.Rc1 Qd5 19.Bc4 Qf5 20.Qb3 Qg6 21.Rd1 Rc8 22.Bf1 Qh5
23.Qd3 Re8 24.Be2 Nd5 25.g3 Qg4 26.Qb5 Re7 27.Nd4 Qe4 28.Bf3 Qxe1+ 29.Rxe1 Rxe1+
30.Kg2 Bxd4 31.Bxd5 Re5 32.f3 Bxd5 33.Qd7 g6 34.Qxa7 Re2+ 35.Kh3 Be6+ 36.g4 Be5
37.Kh4 Rxh2+  0-1

[Event "TCh-FRA Nat1 GpA"]
[Site "Evry FRA"]
[Date "2004.04.02"]
[Round "5"]
[White "Wagner,Cl"]
[Black "Fressinet,L"]
[Result "1/2-1/2"]
[WhiteElo "2357"]
[BlackElo "2636"]

1.d4 d5 2.Nf3 Nf6 3.c4 e6 4.Nc3 c6 5.e3 Nbd7 6.Qc2 Bd6 7.g4 dxc4 8.Bxc4 e5
9.g5 Nd5 10.Ne4 Bb4+ 11.Bd2 Bxd2+ 12.Qxd2 Qe7 13.dxe5 Nxe5 14.Nxe5 Qxe5 15.Bxd5 cxd5
16.Nc3 Qxg5 17.Qxd5 Qxd5 18.Nxd5 O-O 19.Ne7+ Kh8 20.Nxc8 Raxc8 21.Rd1 g6
22.Ke2 Kg7 23.Rd4 Rc2+ 24.Rd2 Rfc8 25.Rd1 Kf6 26.Kf3 R8c6 27.b3 a5 28.Rxc2 Rxc2
29.Rd6+ Ke7  1/2-1/2

[Event "TCh-FRA Nat1 GpB"]
[Site "Montpellier FRA"]
[Date "2004.04.02"]
[Round "5"]
[White "Touzane,O"]
[Black "Gengler,P"]
[Result "1-0"]
[WhiteElo "2347"]
[BlackElo "2167"]

1.d4 d5 2.c4 c6 3.Nc3 Nf6 4.Nf3 e6 5.e3 Nbd7 6.Qc2 Bd6 7.g4 Bb4 8.Bd2 O-O
9.g5 Bxc3 10.Bxc3 Ne4 11.Bd3 f5 12.Bb4 Rf7 13.O-O-O b5 14.cxd5 cxd5 15.Kb1 a5
16.Be1 Ba6 17.Qc6 Qb6 18.Qxa8+ Rf8 19.Bxa5 Qxa5 20.Qc6 Rd8 21.Qxe6+ Kh8 22.Rhf1 Nf8
23.Qxf5 Bc8 24.Qf7 b4 25.Ne5 Be6 26.Nc6 Qb6 27.Qe7 Rc8 28.Bxe4 Qxc6 29.Bd3 Qa4
30.b3 Qa3 31.Rc1 Ra8 32.Rc2 Kg8 33.f4 Bf7 34.Rff2 Re8 35.Qb7 Rxe3 36.Be2 Bh5
37.Qa6 Rxb3+ 38.axb3 Qxb3+ 39.Rb2 Bg6+ 40.f5 Qe3 41.fxg6 Qxf2 42.gxh7+ Nxh7
43.Qa8+ Nf8 44.Qxd5+ Kh8 45.Bc4 Qe1+ 46.Ka2 b3+ 47.Bxb3 Ne6 48.g6  1-0

[Event "30th ch-BAN"]
[Site "Dhaka BAN"]
[Date "2004.04.03"]
[Round "7"]
[White "Alam,MdM"]
[Black "Murshed,N"]
[Result "0-1"]
[WhiteElo "2182"]
[BlackElo "2436"]

1.d4 Nf6 2.c4 e6 3.Nf3 d5 4.Nc3 c6 5.e3 Nbd7 6.Qc2 Bd6 7.Bd3 dxc4 8.Bxc4 b5
9.Bd3 Bb7 10.a3 a6 11.Ne4 Nxe4 12.Bxe4 Qb6 13.Nd2 c5 14.Bxb7 Qxb7 15.Qe4 Qxe4
16.Nxe4 Ke7 17.dxc5 Nxc5 18.Nxc5 Bxc5 19.Bd2 Bd6 20.Rc1 Rhc8 21.Ke2 Rc4 22.Rxc4 bxc4
23.Rc1 Rc8 24.Bc3 f6 25.Rd1 e5 26.Kd2 Ke6 27.Kc2 Rb8 28.Kd2 h5 29.Ke2 g5
30.e4 Rb3 31.Rc1 Bc5 32.Ke1 Kd7 33.Rc2 Kc6 34.f3 Kb5 35.Kd2 Bd4 36.Kc1 Bc5
37.Kd2 Kc6 38.Kc1 Kb5 39.Kd2 h4 40.h3 a5 41.Kd1 Bd4 42.Kc1 a4 43.Kb1 Be3
44.Re2 Bc5 45.Ka2 Bxa3 46.Bxe5 fxe5 47.bxa3 c3  0-1

[Event "TCh-FRA Nat1 GpB"]
[Site "Montpellier FRA"]
[Date "2004.04.03"]
[Round "6"]
[White "Komarov,D"]
[Black "Hamdouchi,H"]
[Result "1/2-1/2"]
[WhiteElo "2566"]
[BlackElo "2588"]

1.d4 d5 2.c4 c6 3.Nc3 Nf6 4.e3 e6 5.Nf3 Nbd7 6.Bd3 dxc4 7.Bxc4 b5 8.Bd3 Bd6
9.O-O O-O 10.e4 e5  1/2-1/2

[Event "TCh-FRA Nat1 GpB"]
[Site "Montpellier FRA"]
[Date "2004.04.03"]
[Round "6"]
[White "Borne,N"]
[Black "Sarthou,G"]
[Result "1/2-1/2"]
[WhiteElo "2320"]
[BlackElo "2349"]

1.d4 d5 2.c4 c6 3.Nf3 Nf6 4.Nc3 e6 5.e3 Nbd7 6.Qc2 Bd6 7.Be2 O-O 8.O-O Re8
9.Rd1 Qe7 10.b3 b6 11.Bb2 Bb7 12.e4 dxe4 13.Nxe4 Nxe4 14.Qxe4 Rad8 15.Bd3 f5
16.Qe2 c5 17.dxc5 Nxc5 18.Bc2 Qf7 19.Ne5 Qf6 20.f3 Bc7 21.Rxd8 Rxd8 22.Rd1 Rxd1+
23.Bxd1 Qd8 24.b4 Nd7 25.Bb3 Nf6 26.Qd3 Qe7 27.a3 Bd6 28.Bc3 Kf8 29.g3 Qc7
30.Qd4 Bxe5 31.Qxe5 Qxe5 32.Bxe5 Bxf3 33.Bb8 a6 34.Bc7 Nd7 35.Ba4 Ke7 36.Bxd7 Kxd7
37.Bxb6 Be2 38.Bd4 Bxc4 39.Bxg7 Kd6 40.Kf2 Kd5  1/2-1/2

[Event "30th ch-BAN"]
[Site "Dhaka BAN"]
[Date "2004.04.04"]
[Round "8"]
[White "Abdul,Mal"]
[Black "Alam,MdM"]
[Result "1/2-1/2"]
[WhiteElo "2250"]
[BlackElo "2182"]

1.d4 d5 2.c4 e6 3.Nf3 c6 4.e3 Nf6 5.Nc3 Nbd7 6.cxd5 exd5 7.Bd3 Bd6 8.Qc2 O-O
9.O-O Re8 10.Rb1 Nf8 11.h3 Be6 12.b4 Rc8 13.Na4 Qe7 14.Bd2 b6  1/2-1/2

[Event "FSGM April"]
[Site "Budapest HUN"]
[Date "2004.04.05"]
[Round "3"]
[White "Pataki,G"]
[Black "Muir,A"]
[Result "1/2-1/2"]
[WhiteElo "2374"]
[BlackElo "2303"]

1.d4 d5 2.Nf3 Nf6 3.c4 e6 4.Nc3 c6 5.e3 Nbd7 6.Bd3 dxc4 7.Bxc4 b5 8.Bd3 Bb7
9.e4 b4 10.Na4 c5 11.e5 Nd5 12.O-O cxd4 13.Re1 g6 14.Bg5 Qa5 15.Nxd4 a6 16.a3 bxa3
17.bxa3 Bg7 18.Rb1 Rb8 19.Bd2 Qd8 20.Rxb7 Rxb7 21.Bxa6 Rc7 22.Ba5 O-O 23.Nf3  1/2-1/2